000 004460000a22001810004500
003 MACL
005 20150901145117.0
008 150901b xxu||||| |||| 00| 0 eng d
040 _aMACL
_cMACL
041 _aEnglish
082 _a800/GEO
100 _aGeorge, K.M.
_98174
245 _aFacets Of Indian Literature
260 _bkarimpumnnil Publishers
_c1994
_aTrivandrum
350 _a175
650 _aLiterature
_98312
942 _cBK
_k800
_2ddc
999 _c3075
_d3075